000 00428nam a2200169Ia 4500
008 131103s9999 xx 000 0 und d
040 _aLoreto College
041 _aEnglish
082 _a232.93/AVE
_bLCLIB/
100 _aGaresche, E F
245 _aAve
_cE F Garesche
260 _a[s.l.]
_b[s.n.]
_c1944
300 _a188 p.
_c 16cm.
650 _aChristianity - Jesus christ
850 _aLCLIB/232.93/AVE
942 _cBK
999 _c25603
_d76082